| 000 | 01133nam0a2200361 4500 | ||
|---|---|---|---|
| 001 | RU\NLR\bibl\119062 | ||
| 005 | 20250617095828.0 | ||
| 010 |
_a5-88759-083-1 _94000 |
||
| 021 |
_aRU _b2000-30066 _91413 |
||
| 035 | _a(NLR Aleph) 000116596 | ||
| 090 |
_a662869 _c662869 |
||
| 100 | _a20001012d2000 |||y0rusy50 ca | ||
| 101 | 0 | _arus | |
| 102 | _aRU | ||
| 105 | _ay ||||||||| | ||
| 200 | 1 | _aПосреднические операции | |
| 210 |
_aМ. _cГлавбух _d2000 |
||
| 215 |
_a135,[3] с. _d20 |
||
| 225 | 1 | _aБиблиотека журнала "Главбух" | |
| 606 | 0 |
_aПосреднические услуги _xДоговоры _yРоссийская Федерация _91933925 _3RU\NLR\auth\66883193 |
|
| 610 | 0 | _aДоговор поручения | |
| 610 | 0 | _aДоговор комиссии | |
| 675 |
_a657.22 _v3 _zrus |
||
| 686 |
_a06.75 _2rugasnti |
||
| 686 |
_a65.052 _2rubbk |
||
| 686 | _aУ26(2)26 | ||
| 801 | 0 |
_aRU _bRKP _c20001012 _gPSBO |
|
| 801 | 1 |
_aRU _bRKP _c20001012 |
|
| 801 | 2 |
_aRU _bNLR _c20050725 _grcr |
|
| 852 |
_aNLR _j2000-3/15422 |
||
| 942 | _cBOOK | ||
| 980 | _aNB | ||